[Event "22.Deutsche Senioreneinzelmeisterschaft"]
[Site "Berlin-Spandau"]
[Date "2010.08.16"]
[Round "1.135"]
[White "Scheide, Helmut"]
[Black "Ludwig, Siegfried"]
[Result "1-0"]
[WhiteElo "1824"]
[BlackElo "1377"]
[EventDate "2010.08.??"]
[PlyCount "33"]
[EventType "swiss"]
[EventRounds "9"]
[EventCountry "GER"]

1.d4 d5 2.c4 dxc4 3.Nc3 e6 4.e3 Nc6 5.Bxc4 a6 6.Nf3 Nge7 7.O-O Nd5 8.e4 
Nf6 9.Re1 Na5 10.Bd3 Bb4 11.Qa4+ Nc6 12.d5 Bxc3 13.bxc3 O-O 14.Bg5 exd5 
15.e5 Bd7 16.exf6 gxf6 17.Qh4 1-0

[Event "22.Deutsche Senioreneinzelmeisterschaft"]
[Site "Berlin-Spandau"]
[Date "2010.08.16"]
[Round "1.136"]
[White "Hartlaub, Marianne"]
[Black "Mayer, Herbert"]
[Result "0-1"]
[WhiteElo "1368"]
[BlackElo "1823"]
[EventDate "2010.08.??"]
[PlyCount "13"]
[EventType "swiss"]
[EventRounds "9"]
[EventCountry "GER"]

1.c4 e5 2.Nc3 f5 3.b3 Nf6 4.Bb2 d6 5.g3 g6 6.Bg2 Bg7 7.Nf3 O-O 8.e3 c6 9.
O-O Kh8 10.Qe2 Be6 11.Rfd1 Na6 12.d4 e4 13.Ne1 Bg8 14.Rd2 Re8 15.Rad1 Nc7 
16.Nc2 Qe7 17.Ba3 Rad8 18.c5 d5 19.f3 exf3 20.Qxf3 Ne6 21.Re1 Ng5 22.Qf2 
Be6 23.Rde2 Qd7 24.Bc1 Rf8 25.a4 Nfe4 26.Bxe4 Nh3+ 27.Kg2 Nxf2 28.Rxf2 
fxe4 29.Ne2 Rxf2+ 30.Kxf2 Rf8+ 31.Kg1 Bg4 32.Nf4 g5 33.Ne2 Qf5 34.Kh1 Qf1+
0-1

[Event "22.Deutsche Senioreneinzelmeisterschaft"]
[Site "Berlin-Spandau"]
[Date "2010.08.16"]
[Round "1.137"]
[White "Tuertmann, Dieter"]
[Black "Paris, Gerhard"]
[Result "1-0"]
[WhiteElo "1822"]
[BlackElo "1351"]
[EventDate "2010.08.??"]
[PlyCount "131"]
[EventType "swiss"]
[EventRounds "9"]
[EventCountry "GER"]

1.Nf3 d6 2.b3 Nf6 3.Bb2 Nc6 4.e3 e5 5.d3 g6 6.Nbd2 Bg7 7.Rb1 b6 8.Be2 Bb7 
9.O-O O-O 10.a4 Re8 11.c4 a5 12.Ne1 Nb4 13.Nc2 Na6 14.Re1 Nd7 15.e4 Bc8 
16.Ne3 Nac5 17.Nf3 Ne6 18.g3 Ndc5 19.Bc1 Na6 20.Bd2 Nec5 21.Ng2 Bg4 22.Bc3
Rf8 23.Nfh4 Bxe2 24.Qxe2 Ne6 25.Rf1 Nb4 26.Qd2 Nc6 27.f4 Bh6 28.Qf2 exf4 
29.Nxf4 Nxf4 30.gxf4 Qd7 31.Qg3 Ne7 32.f5 f6 33.fxg6 hxg6 34.Bxf6 Rf7 35.
Bxe7 Qxe7 36.Rxf7 Qxf7 37.Rf1 Qg7 38.Qxg6 Qxg6+ 39.Nxg6 Kg7 40.Ne7 Be3+ 
41.Kg2 Kh8 42.Rf7 Re8 43.h4 Bd4 44.Ng6+ Kg8 45.Rxc7 Re6 46.h5 Rf6 47.Ne7+ 
Kh8 48.Nf5 Kg8 49.Kh3 Bf2 50.Rd7 Bc5 51.Kg4 Bb4 52.Rb7 Bc3 53.Rxb6 Be5 54.
d4 Bh2 55.e5 Rf8 56.exd6 Kh8 57.d7 Bc7 58.Rh6+ Kg8 59.Rc6 Bd8 60.Rc8 Kh7 
61.c5 Rg8+ 62.Kf3 Kh8 63.Rxd8 Rxd8 64.c6 Kh7 65.Ke4 Re8+ 66.dxe8=B 1-0

[Event "22.Deutsche Senioreneinzelmeisterschaft"]
[Site "Berlin-Spandau"]
[Date "2010.08.16"]
[Round "1.138"]
[White "Ott, Lothar"]
[Black "Rollwitz, Juergen"]
[Result "0-1"]
[WhiteElo "1327"]
[BlackElo "1819"]
[EventDate "2010.08.??"]
[PlyCount "92"]
[EventType "swiss"]
[EventRounds "9"]
[EventCountry "GER"]

1.d4 d6 2.e4 Nf6 3.Nc3 e5 4.dxe5 dxe5 5.Qxd8+ Kxd8 6.Bg5 Be6 7.Nf3 Nd7 8.
O-O-O Kc8 9.h3 a6 10.a3 Bd6 11.Nd2 b5 12.f3 Nb6 13.Be2 Nh5 14.Nf1 f6 15.
Be3 Nc4 16.Bxc4 Bxc4 17.g4 Nf4 18.Bxf4 exf4 19.Nd2 Bf7 20.Nd5 Kb7 21.c3 a5
22.c4 c6 23.Nc3 b4 24.Na4 bxa3 25.b3 Bb4 26.Kc2 Rad8 27.Nc3 Kc7 28.Ndb1 
Rxd1 29.Rxd1 Rd8 30.Rxd8 Kxd8 31.Na2 Bd6 32.Kd3 Kc7 33.Nbc3 Be5 34.Ne2 Kd6
35.Nd4 g6 36.Nc2 Bb2 37.Nd4 Be8 38.Ne2 Ke5 39.Kc2 f5 40.exf5 gxf5 41.Kd3 
fxg4 42.hxg4 Bg6+ 43.Kd2 Bb1 44.Nec1 Bxc1+ 45.Kxc1 Bxa2 46.Kc2 Kd4 0-1

[Event "22.Deutsche Senioreneinzelmeisterschaft"]
[Site "Berlin-Spandau"]
[Date "2010.08.16"]
[Round "1.139"]
[White "Reinemann, Guenter"]
[Black "Girod, Gudrun"]
[Result "1/2-1/2"]
[WhiteElo "1819"]
[BlackElo "1285"]
[EventDate "2010.08.??"]
[PlyCount "58"]
[EventType "swiss"]
[EventRounds "9"]
[EventCountry "GER"]

1.e4 d5 2.exd5 Qxd5 3.Nc3 Qd8 4.Bc4 e6 5.Nf3 Nf6 6.d4 Bb4 7.O-O Bxc3 8.
bxc3 O-O 9.Bg5 Nbd7 10.Re1 c6 11.Bd3 Qa5 12.c4 h6 13.Qd2 Qc7 14.Qc1 Nh7 
15.Bxh6 Qd8 16.Bf4 Nb6 17.c3 f6 18.Qc2 Ng5 19.Bxg5 fxg5 20.Re5 Rxf3 21.
gxf3 Qf6 22.Qd2 Qf5 23.Qe2 Bd7 24.Re4 Qf6 25.Re5 Rf8 26.Qe4 g6 27.Rb1 Bc8 
28.Rbb5 cxb5 29.cxb5 Nd5 1/2-1/2

[Event "22.Deutsche Senioreneinzelmeisterschaft"]
[Site "Berlin-Spandau"]
[Date "2010.08.16"]
[Round "1.140"]
[White "Grueneschild, Hildegard"]
[Black "Josting, Friedel"]
[Result "0-1"]
[WhiteElo "1283"]
[BlackElo "1818"]
[EventDate "2010.08.??"]
[PlyCount "74"]
[EventType "swiss"]
[EventRounds "9"]
[EventCountry "GER"]

1.c4 c5 2.Nc3 Nc6 3.g3 g6 4.Bg2 Bg7 5.Nf3 e6 6.d3 Nge7 7.Bf4 d6 8.Qd2 h6 
9.e4 e5 10.Be3 Nd4 11.O-O Bg4 12.Bxd4 exd4 13.Ne2 O-O 14.h3 Bd7 15.Nf4 Rb8
16.b4 b5 17.bxc5 dxc5 18.Rac1 b4 19.Rfe1 Re8 20.Nd5 Nc6 21.Kh2 a5 22.Qf4 
Ne5 23.Nxe5 Rxe5 24.Qd2 Re8 25.f4 Kh7 26.Qf2 b3 27.axb3 Rxb3 28.Qd2 a4 29.
Rb1 Qb8 30.Rxb3 Qxb3 31.e5 a3 32.Be4 Rb8 33.Re2 Qb1 34.Qa5 Qd1 35.Ra2 Rb1 
36.Kg2 Qf1+ 37.Kh2 Qg1# 0-1

[Event "22.Deutsche Senioreneinzelmeisterschaft"]
[Site "Berlin-Spandau"]
[Date "2010.08.16"]
[Round "1.141"]
[White "Reimer, Otto"]
[Black "Deak-Willimsky, Emanuela"]
[Result "1-0"]
[WhiteElo "1817"]
[BlackElo "1280"]
[EventDate "2010.08.??"]
[PlyCount "34"]
[EventType "swiss"]
[EventRounds "9"]
[EventCountry "GER"]

1.e4 c5 2.Nf3 Nc6 3.d4 cxd4 4.Nxd4 g6 5.Nc3 Bg7 6.Be3 a6 7.Nd5 Nf6 8.Nxc6 
dxc6 9.Bh6 Qd6 10.Nc7+ Kf8 11.Qxd6 exd6 12.Nxa8 Nxe4 13.O-O-O Be6 14.f3 
Bxh6+ 15.Kb1 Nd2+ 16.Rxd2 Bxd2 17.Bd3 Kg8 1-0

[Event "22.Deutsche Senioreneinzelmeisterschaft"]
[Site "Berlin-Spandau"]
[Date "2010.08.16"]
[Round "1.142"]
[White "Melzig, Ernst"]
[Black "Bilyavskyy, Borys"]
[Result "0-1"]
[WhiteElo "1273"]
[BlackElo "1816"]
[EventDate "2010.08.??"]
[PlyCount "64"]
[EventType "swiss"]
[EventRounds "9"]
[EventCountry "GER"]

1.e4 c5 2.Nf3 e6 3.c4 d6 4.Be2 Nc6 5.a3 Nf6 6.Nc3 Be7 7.O-O O-O 8.d4 cxd4 
9.Nxd4 Qb6 10.Nxc6 Qxc6 11.Qc2 a6 12.b4 Qc7 13.Bb2 Bd7 14.Rac1 Rac8 15.Qb3
Qb8 16.Bf3 b6 17.Na4 Bc6 18.Nc3 Qb7 19.Rfe1 b5 20.cxb5 axb5 21.a4 bxa4 22.
Nxa4 Nxe4 23.Bxe4 Bxe4 24.Qg3 Bg6 25.Rxc8 Rxc8 26.Qb3 Rb8 27.Bc3 d5 28.b5 
Qxb5 29.Qxb5 Rxb5 30.f4 Be4 31.Kf2 f5 32.Nb2 Bc5+ 0-1

[Event "22.Deutsche Senioreneinzelmeisterschaft"]
[Site "Berlin-Spandau"]
[Date "2010.08.16"]
[Round "1.143"]
[White "Barwich, Alfred"]
[Black "Schroeder, Gert"]
[Result "1-0"]
[WhiteElo "1811"]
[BlackElo "1171"]
[EventDate "2010.08.??"]
[PlyCount "78"]
[EventType "swiss"]
[EventRounds "9"]
[EventCountry "GER"]

1.d4 g6 2.c4 Bg7 3.Nc3 c6 4.e4 d6 5.Be3 Nd7 6.Qd2 Qc7 7.Nf3 h5 8.Be2 e6 9.
h3 Ne7 10.Ng5 Nf6 11.f4 e5 12.fxe5 dxe5 13.dxe5 Nh7 14.O-O-O Bxe5 15.Nf3 
Bg7 16.Bf4 Qa5 17.Nd4 O-O 18.Nb3 Bxc3 19.bxc3 Qa3+ 20.Kb1 b6 21.Bd6 Rd8 
22.Bxa3 Rxd2 23.Rxd2 c5 24.Rd8+ Kg7 25.Kc1 Nf8 26.Bf3 Rb8 27.Rhd1 Nc6 28.
R8d6 Ne5 29.Nd2 Be6 30.Be2 Nfd7 31.Nf3 Nxf3 32.Rxe6 Nde5 33.Re7 Kf6 34.
Rxa7 Ng5 35.Rd6+ Ne6 36.Kc2 Kg7 37.Bc1 Nd8 38.Bf4 Nec6 39.Rxc6 Nxc6 1-0

[Event "22.Deutsche Senioreneinzelmeisterschaft"]
[Site "Berlin-Spandau"]
[Date "2010.08.16"]
[Round "1.144"]
[White "Heyne, Klaus"]
[Black "Krafzik, Joachim"]
[Result "0-1"]
[WhiteElo "1170"]
[BlackElo "1811"]
[EventDate "2010.08.??"]
[PlyCount "38"]
[EventType "swiss"]
[EventRounds "9"]
[EventCountry "GER"]

1.d4 e6 2.c4 f5 3.f4 Nf6 4.Nf3 b6 5.e3 Bb7 6.Be2 Ne4 7.Nc3 Nxc3 8.bxc3 Be7
9.O-O O-O 10.a4 a5 11.Ba3 Bxa3 12.Rxa3 Qe7 13.Ra1 d6 14.Rb1 Nd7 15.d5 exd5
16.cxd5 Qxe3+ 17.Kh1 Nc5 18.c4 Rae8 19.Re1 Qxf4 0-1

[Event "22.Deutsche Senioreneinzelmeisterschaft"]
[Site "Berlin-Spandau"]
[Date "2010.08.16"]
[Round "1.145"]
[White "Gramse, Hartmut"]
[Black "Ludwig, Egbert"]
[Result "1-0"]
[WhiteElo "1811"]
[BlackElo "1162"]
[EventDate "2010.08.??"]
[PlyCount "59"]
[EventType "swiss"]
[EventRounds "9"]
[EventCountry "GER"]

1.e4 e6 2.d4 d5 3.Nc3 Nf6 4.e5 Nfd7 5.Nce2 c5 6.c3 Nc6 7.a3 Qb6 8.b4 cxd4 
9.cxd4 Be7 10.Nf3 O-O 11.Nf4 f6 12.Nxe6 Rf7 13.Nc5 fxe5 14.Nxd7 Bxd7 15.
dxe5 Bg4 16.Be2 Bxf3 17.gxf3 Bh4 18.Rf1 Rd8 19.Bb2 Kh8 20.Rc1 d4 21.e6 Re7
22.Bc4 Ne5 23.Ba2 Bg5 24.Rc5 Bf4 25.Rg1 Bxh2 26.Rh1 Bf4 27.Rh4 Bg5 28.Rxd4
Bf6 29.Rxd8+ Qxd8 30.Qxd8+ 1-0

[Event "22.Deutsche Senioreneinzelmeisterschaft"]
[Site "Berlin-Spandau"]
[Date "2010.08.16"]
[Round "1.146"]
[White "Vatterodt, Klaus"]
[Black "Hoppe, Rainer"]
[Result "0-1"]
[WhiteElo "1136"]
[BlackElo "1810"]
[EventDate "2010.08.??"]
[PlyCount "70"]
[EventType "swiss"]
[EventRounds "9"]
[EventCountry "GER"]

1.e4 c5 2.Nc3 Nc6 3.Bc4 Nf6 4.d3 e6 5.Nf3 d5 6.Bb5 Be7 7.Bxc6+ bxc6 8.O-O 
O-O 9.e5 Nd7 10.Bf4 f6 11.Re1 fxe5 12.Bxe5 Nxe5 13.Nxe5 Qc7 14.d4 cxd4 15.
Qxd4 c5 16.Qg4 Bf6 17.Qg3 Bb7 18.Nb5 Qb6 19.Nd7 Qxb5 20.Nxf8 Rxf8 21.b3 
Bxa1 22.Rxa1 Qe2 23.Rc1 Qd2 24.Rf1 Qf4 25.Qh3 Qf5 26.c3 Qxh3 27.gxh3 Rf3 
28.Kg2 Rxc3 29.f3 Rc2+ 30.Kg3 Rxa2 31.Re1 Kf7 32.h4 Rb2 33.Re5 Rxb3 34.Kg4
Kf6 35.Re1 d4 0-1

[Event "22.Deutsche Senioreneinzelmeisterschaft"]
[Site "Berlin-Spandau"]
[Date "2010.08.16"]
[Round "1.147"]
[White "Bischof, Rainer"]
[Black "Stoetzer, Juergen"]
[Result "1-0"]
[WhiteElo "1809"]
[BlackElo "1127"]
[EventDate "2010.08.??"]
[PlyCount "79"]
[EventType "swiss"]
[EventRounds "9"]
[EventCountry "GER"]

1.e4 e6 2.d3 d6 3.g3 e5 4.Bg2 c5 5.f4 Nc6 6.c3 Nf6 7.Nf3 Bg4 8.O-O Bxf3 9.
Qxf3 Be7 10.f5 Qb6 11.Rf2 O-O-O 12.Na3 Qc7 13.Nc2 b6 14.d4 cxd4 15.cxd4 d5
16.exd5 e4 17.Qb3 Na5 18.Qc3 Qxc3 19.bxc3 Rxd5 20.Bg5 h6 21.Bxf6 Bxf6 22.
Bxe4 Rd7 23.Bd3 Re8 24.Kf1 Ree7 25.Re1 Rc7 26.Rxe7 Bxe7 27.Rf3 Kd8 28.Bb5 
Bg5 29.Ke2 Ke7 30.Kd3 Kf8 31.Ne3 Nb7 32.h4 Bf6 33.Nd5 Rc8 34.Nxf6 gxf6 35.
Ba6 Rc7 36.Re3 Re7 37.Rxe7 Kxe7 38.g4 Kd6 39.Kc4 Kc6 40.a4 1-0

[Event "22.Deutsche Senioreneinzelmeisterschaft"]
[Site "Berlin-Spandau"]
[Date "2010.08.16"]
[Round "1.148"]
[White "Geibel, Henning"]
[Black "Neudel, Bernd"]
[Result "0-1"]
[WhiteElo "1105"]
[BlackElo "1807"]
[EventDate "2010.08.??"]
[PlyCount "104"]
[EventType "swiss"]
[EventRounds "9"]
[EventCountry "GER"]

1.d4 d5 2.Nf3 Nf6 3.Bf4 c6 4.e3 Bg4 5.Be2 e6 6.O-O Be7 7.h3 Bh5 8.c4 Nbd7 
9.c5 O-O 10.b4 a5 11.b5 cxb5 12.Bxb5 Ne4 13.Be2 f6 14.Nfd2 Nxd2 15.Qxd2 
Bxe2 16.Qxe2 Nb8 17.Nc3 Nc6 18.Nb5 Qd7 19.a4 e5 20.Bg3 Rfe8 21.Rad1 Rad8 
22.Qg4 Qxg4 23.hxg4 Rd7 24.Rfe1 Kf7 25.dxe5 fxe5 26.Rc1 Bf8 27.f4 e4 28.f5
Nb4 29.Red1 Rc8 30.Bd6 Nd3 31.Rc3 Bxd6 32.Nxd6+ Rxd6 33.cxd6 Rxc3 34.Rb1 
Nb4 35.Kf2 Rc6 36.d7 Ke7 37.g5 Kxd7 38.Kg3 Kd6 39.Rf1 Rc7 40.f6 gxf6 41.
gxf6 Ke6 42.Kg4 Nc2 43.Kg5 Nxe3 44.Rf2 Rf7 45.g3 h5 46.Kf4 Ng4 47.Rg2 
Rxf6+ 48.Kg5 Rf5+ 49.Kg6 Ne5+ 50.Kh6 Nf7+ 51.Kg6 Re5 52.Rh2 e3 0-1

[Event "22.Deutsche Senioreneinzelmeisterschaft"]
[Site "Berlin-Spandau"]
[Date "2010.08.16"]
[Round "1.149"]
[White "Ophoff, Rigobert"]
[Black "Wiebke, Elfriede"]
[Result "1-0"]
[WhiteElo "1806"]
[BlackElo "1050"]
[EventDate "2010.08.??"]
[PlyCount "89"]
[EventType "swiss"]
[EventRounds "9"]
[EventCountry "GER"]

1.c4 c5 2.Nc3 Nf6 3.g3 e6 4.Bg2 Nc6 5.Nf3 h6 6.O-O a6 7.d4 d5 8.cxd5 exd5 
9.dxc5 Bxc5 10.e3 O-O 11.a3 Re8 12.b4 Bb6 13.Bb2 Bg4 14.Ne2 Bxf3 15.Bxf3 
Ne5 16.Bg2 Neg4 17.Bd4 Ne4 18.Rc1 Bxd4 19.Qxd4 Qg5 20.Nf4 Qe5 21.Qxd5 Qxd5
22.Nxd5 Re5 23.Nf4 Ngf6 24.Rc2 b5 25.Rfc1 Ree8 26.Bh3 Ng5 27.Bg2 Nfe4 28.
h4 Nh7 29.Bh3 Nd6 30.Bg2 Rad8 31.Rc6 Nf6 32.Rxa6 Nc4 33.Bf1 Nd2 34.Bxb5 
Nf3+ 35.Kg2 Nxh4+ 36.gxh4 Re5 37.Rc5 Re4 38.Kf3 Re7 39.Bc6 Kh7 40.Nd5 Re6 
41.Nxf6+ Rxf6+ 42.Ke2 Rdd6 43.Be4+ g6 44.Rxd6 Rxd6 45.Rc6 1-0

[Event "22.Deutsche Senioreneinzelmeisterschaft"]
[Site "Berlin-Spandau"]
[Date "2010.08.16"]
[Round "1.150"]
[White "Vidic, Dobrivoje"]
[Black "Lukas, Wilmar"]
[Result "1/2-1/2"]
[WhiteElo "1653"]
[BlackElo "1776"]
[EventDate "2010.08.??"]
[PlyCount "80"]
[EventType "swiss"]
[EventRounds "9"]
[EventCountry "GER"]

1.d4 Nf6 2.c4 g6 3.Nc3 d5 4.cxd5 Nxd5 5.e4 Nxc3 6.bxc3 Bg7 7.Nf3 O-O 8.Bc4
c5 9.O-O Nc6 10.Be3 Bg4 11.e5 Na5 12.Be2 cxd4 13.cxd4 Be6 14.Rc1 Bxa2 15.
Qd2 Bd5 16.Rc3 Qd7 17.Rb1 Nc6 18.Ng5 e6 19.Nh3 Rfc8 20.Nf4 Ne7 21.Nxd5 
Nxd5 22.Rcb3 Rc7 23.Bg5 a6 24.h4 Rac8 25.h5 Nc3 26.Re1 Ne4 27.Qe3 Nxg5 28.
Qxg5 Qxd4 29.hxg6 fxg6 30.Bg4 Re8 31.Qh4 Qd2 32.Rbb1 Rf7 33.Rbd1 Qh6 34.
Qg3 Qf4 35.Qh3 Qxf2+ 36.Kh1 Rfe7 37.Re2 Qf7 38.Rb1 h5 39.Bf3 Rf8 40.Be4 
Bh6 {und noch 30 weitere Zuege, die nicht mehr notiert wurden.} 1/2-1/2